000 00285nam a2200109Ia 4500
008 220120s9999||||xx |||||||||||||| ||und||
100 _aBrink, Carol Ryrie
_911848
245 0 _aCaddie woodlawn
260 _aAladdin Paperbacks
_bBangalooru
_c2006
300 _b0
650 _aCAD/CAM
_95854
999 _c137386
_d137386